Sports Quiz

Random Sports or MLB Quiz

MLB 3,000 Strikeouts Quiz Stats

 Plays Quiz Updated Oct 1, 2019

Score 0/18 Timer 06:00
7 Plays Today
Number Name % Correct
4,875Randy Johnson
95.9%
5,714Nolan Ryan
95.2%
3,508Walter Johnson
91.9%
4,672Roger Clemens
90.7%
3,006Justin Verlander
80.9%
3,371Greg Maddux
80.6%
3,093CC Sabathia
75%
3,154Pedro Martinez
68.6%
3,084John Smoltz
67.4%
Number Name % Correct
3,640Tom Seaver
60.8%
3,116Curt Schilling
60.5%
4,136Steve Carlton
58.6%
3,117Bob Gibson
56.9%
3,342Phil Niekro
42.2%
3,701Bert Blyleven
37.6%
3,534Gaylord Perry
37.2%
3,574Don Sutton
36.9%
3,192Ferguson Jenkins
30.8%

You're not logged in!

Compare scores with friends on all Sporcle quizzes.
OR
Log In

Sporcle TV

Today on Sporcle TV


Watch our educational content, quiz creation guides, and fun videos on Sporcle TV.

Show Comments

Extras

Top Quizzes Today


Score Distribution

Your Account Isn't Verified!

In order to create a playlist on Sporcle, you need to verify the email address you used during registration. Go to your Sporcle Settings to finish the process.

Report this User

Report this user for behavior that violates our Community Guidelines.

Details: